<?xml version="1.0" encoding="UTF-8"?>
<record
    xmlns:xsi="http://www.w3.org/2001/XMLSchema-instance"
    xsi:schemaLocation="http://www.loc.gov/MARC21/slim http://www.loc.gov/standards/marcxml/schema/MARC21slim.xsd"
    xmlns="http://www.loc.gov/MARC21/slim">

  <leader>00729nas1a22001931i 4500</leader>
  <controlfield tag="001">rc\822362</controlfield>
  <controlfield tag="005">20240723222222.0</controlfield>
  <datafield tag="035" ind1=" " ind2=" ">
    <subfield code="a">(NLR Aleph) 006237757</subfield>
  </datafield>
  <datafield tag="090" ind1=" " ind2=" ">
    <subfield code="a">6638611</subfield>
    <subfield code="c">6638611</subfield>
  </datafield>
  <datafield tag="100" ind1=" " ind2=" ">
    <subfield code="a">20041129a19839999u  |0rusy50      ca</subfield>
  </datafield>
  <datafield tag="101" ind1="0" ind2=" ">
    <subfield code="a">rus</subfield>
  </datafield>
  <datafield tag="102" ind1=" " ind2=" ">
    <subfield code="a">RU</subfield>
  </datafield>
  <datafield tag="200" ind1="1" ind2=" ">
    <subfield code="a">&#x411;&#x443;&#x440;&#x436;&#x443;&#x430;&#x437;&#x43D;&#x430;&#x44F; &#x43B;&#x438;&#x442;&#x435;&#x440;&#x430;&#x442;&#x443;&#x440;&#x430; &#x43E; &#x43F;&#x440;&#x43E;&#x431;&#x43B;&#x435;&#x43C;&#x430;&#x445; &#x440;&#x430;&#x437;&#x432;&#x438;&#x442;&#x438;&#x44F; &#x43D;&#x430;&#x440;&#x43E;&#x434;&#x43E;&#x432; &#x421;&#x43E;&#x432;&#x435;&#x442;&#x441;&#x43A;&#x43E;&#x433;&#x43E; &#x412;&#x43E;&#x441;&#x442;&#x43E;&#x43A;&#x430;</subfield>
    <subfield code="e">&#x420;&#x435;&#x444;. &#x441;&#x431;.</subfield>
    <subfield code="f">&#x410;&#x41D; &#x421;&#x421;&#x421;&#x420;, &#x418;&#x41D;&#x418;&#x41E;&#x41D;, &#x410;&#x41D; &#x423;&#x437;&#x421;&#x421;&#x420;, &#x426;&#x435;&#x43D;&#x442;&#x440;. &#x43D;&#x430;&#x443;&#x447;. &#x438;&#x43D;&#x444;&#x43E;&#x440;&#x43C;. &#x43F;&#x43E; &#x43E;&#x431;&#x449;&#x435;&#x441;&#x442;&#x432;. &#x43D;&#x430;&#x443;&#x43A;&#x430;&#x43C; &#x43F;&#x440;&#x438; &#x41F;&#x440;&#x435;&#x437;&#x438;&#x434;&#x438;&#x443;&#x43C;&#x435; &#x410;&#x41D; &#x423;&#x437;&#x421;&#x421;&#x420;</subfield>
  </datafield>
  <datafield tag="210" ind1=" " ind2=" ">
    <subfield code="a">&#x41C;.</subfield>
    <subfield code="d">1983-</subfield>
  </datafield>
  <datafield tag="333" ind1=" " ind2=" ">
    <subfield code="a">&#x414;&#x421;&#x41F;</subfield>
  </datafield>
  <datafield tag="801" ind1=" " ind2="0">
    <subfield code="a">RU</subfield>
    <subfield code="b">NLR</subfield>
    <subfield code="g">psbo</subfield>
  </datafield>
  <datafield tag="801" ind1=" " ind2="1">
    <subfield code="a">RU</subfield>
    <subfield code="b">ELAR</subfield>
    <subfield code="2">rusmarc</subfield>
  </datafield>
  <datafield tag="852" ind1=" " ind2=" ">
    <subfield code="a">NLR</subfield>
    <subfield code="j">&#x41F;22/5126</subfield>
  </datafield>
  <datafield tag="942" ind1=" " ind2=" ">
    <subfield code="c">SE</subfield>
  </datafield>
</record>
